000
00295nam a2200121Ia 4500
008
191201s2001 xx 000 0 und d
100
_a
CHAN, C.C.
245
0
_a
Modern Electrical Vehicle Technology
260
_a
N. delhi
_b
Oxford
_c
2001
300
_a
300
650
_a
B.Tech(ECE)
942
_2
ddc
_c
BK
999
_c
442
_d
442